Chargement en cours...

Virginia Woolf

Détails bibliographiques
Auteur principal: Moody, A D
Format: Printed Book
Publié: Oliver And Boyd Ltd; London; 1963
Édition:1st
Sujets:
LEADER 00482nam a22001457a 4500
082 |a 824  |b MOO/V K3 
100 |a Moody, A D  |9 159005 
245 |a Virginia Woolf 
250 |a 1st 
260 |a Oliver And Boyd Ltd;  |b London;  |c 1963 
300 |a 119p. 
650 |a Fiction Study; English Literature  |9 298378 
942 |c BK 
999 |c 60892  |d 60892 
952 |0 0  |1 0  |4 0  |6 824_000000000000000_MOO_V_K3  |7 0  |8 EngFic  |9 73159  |a MAL  |b MAL  |d 2016-09-17  |e 11710  |l 0  |o 824 MOO/V K3  |p MAL011710  |r 2016-09-17  |t 1  |w 2016-09-17  |y BK